Statistics for Capitals of Country Regions #2

Click here to take the quiz!

General Stats

  • This quiz has been taken 54 times
  • The average score is 13 of 20

Answer Stats

RegionCapital% Correct
ScotlandEdinburgh
100%
BavariaMunich
98%
Western AustraliaPerth
98%
OntarioToronto
96%
MassachusettsBoston
90%
TibetLhasa
90%
LombardyMilan
86%
Balearic IslandsPalma
80%
CreteHeraklion
67%
FlandersBrussels
63%
BrittanyRennes
49%
ChechnyaGrozny
45%
MakkahMecca
41%
Minas GeriasBelo Horizonte
39%
ChihuahuaChihuahua
39%
KurdistanErbil
39%
SindhKarachi
39%
VojvodinaNovi Sad
35%
SomalilandHargeisa
31%
RajasthanJaipur
31%

Score Distribution

Percentile by Number Answered

Percent of People with Each Score

Your Score History

You have not taken this quiz